Dân ca Long An
v.v...
Đã lưu trong:
| Tác giả chính: | |
|---|---|
| Định dạng: | Sách |
| Năm xuất bản: |
H.
Văn hoá thông tin
2014
|
| Chủ đề: | |
| Tags: |
Thêm thẻ
Không có thẻ, Hãy là người đầu tiên gắn thẻ bản ghi này!
|
| LEADER | 00750nam a2200181 4500 | ||
|---|---|---|---|
| 082 | |a 398.8 |b L550NH | ||
| 100 | |a Lư Nhất Vũ | ||
| 245 | |a Dân ca Long An |c Lư Nhất Vũ, Lê Giang | ||
| 260 | |a H. |b Văn hoá thông tin |c 2014 | ||
| 300 | |a 219 tr. |c 21 cm | ||
| 520 | |a v.v... | ||
| 653 | |a Văn hoá dân gian | ||
| 653 | |a Dân ca | ||
| 653 | |a Long An | ||
| 942 | |2 ddc |c STK0 | ||
| 999 | |c 7892 |d 7892 | ||
| 952 | |0 0 |1 0 |2 ddc |4 0 |6 398_800000000000000_L550NH |7 0 |8 300 |9 68922 |a qbu |b qbu |c D2 |d 2015-03-27 |o 398.8 L550NH |p 7682.c1 |r 0000-00-00 |w 2015-03-27 |y STK0 |0 0 |6 398_800000000000000_L550NH | ||
| 952 | |0 0 |1 0 |2 ddc |4 0 |6 398_800000000000000_L550NH |7 0 |8 300 |9 94115 |a qbu |b qbu |c D2 |d 2015-09-15 |o 398.8 L550NH |p 7682.c2 |r 0000-00-00 |w 2015-09-15 |y STK0 |0 0 |6 398_800000000000000_L550NH | ||